000 00469nam a22001697a 4500
005 20251108170922.0
008 250721s1986 xx 000 0 ara d
082 1 4 _a615.809562/ودي
100 1 _aجبر، وديع
245 1 0 _aالطب الشعبي اللبناني /
264 1 _aطرابلس ( لبنان ) :
_bجروس برس،
_c1986.
300 _a182ص
650 1 7 _aالطب الشعبي
650 1 7 _aلبنان
942 _2ddc
_cBK
999 _c52095
_d52095